Things that start with B by image - Statistics

General Stats
  • This quiz has been taken 99 times
  • The average score is 9 of 12
Answer Stats
Picture Answer % Correct
Banana
97%
Bald eagle
88%
Boomerang
88%
Blockbuster
83%
Beetle
76%
Best Buy
69%
Bosnia and Herzegovina
69%
Bruce Springsteen
66%
Baltic Sea
63%
Black Death
58%
Brooklyn nine nine
56%
Berlin
53%
No matching quizzes found
Score Distribution
Percent of People with Each Score
Percentile by Number Answered
Your Score History
You have not taken this quiz